Intellectual property issues in software (Record no. 60745)

MARC details
000 -LEADER
fixed length control field 01805nam a2200373Ia 4500
001 - CONTROL NUMBER
control field vtls003192140
003 - CONTROL NUMBER IDENTIFIER
control field MY-SjTCS
005 - DATE AND TIME OF LATEST TRANSACTION
control field 20200306170209.0
006 - FIXED-LENGTH DATA ELEMENTS--ADDITIONAL MATERIAL CHARACTERISTICS
fixed length control field m u
007 - PHYSICAL DESCRIPTION FIXED FIELD--GENERAL INFORMATION
fixed length control field cr cn|||||||||
008 - FIXED-LENGTH DATA ELEMENTS--GENERAL INFORMATION
fixed length control field 100712s1991 dcu sb 000 0 eng d
010 ## - LIBRARY OF CONGRESS CONTROL NUMBER
Canceled/invalid LC control number 90-062783
020 ## - INTERNATIONAL STANDARD BOOK NUMBER
Canceled/invalid ISBN 0309043441
035 ## - SYSTEM CONTROL NUMBER
System control number (CaPaEBR)ebr10055025
039 #9 - LEVEL OF BIBLIOGRAPHIC CONTROL AND CODING DETAIL [OBSOLETE]
-- 201007121631
-- VLOAD
040 ## - CATALOGING SOURCE
Original cataloging agency CaPaEBR
Transcribing agency CaPaEBR
050 14 - LIBRARY OF CONGRESS CALL NUMBER
Classification number QA76.755
Item number .N37 1991eb
110 2# - MAIN ENTRY--CORPORATE NAME
Corporate name or jurisdiction name as entry element National Research Council (U.S.).
Subordinate unit Steering Committee for Intellectual Property Issues in Software.
9 (RLIN) 280917
245 10 - TITLE STATEMENT
Title Intellectual property issues in software
Medium [electronic resource] /
Statement of responsibility, etc. Steering Committee for Intellectual Property Issues in Software, Computer Science and Telecommunications Board, Commission on Physical Sciences, Mathematics, and Applications, National Research Council.
260 ## - PUBLICATION, DISTRIBUTION, ETC.
Place of publication, distribution, etc. Washington, D.C. :
Name of publisher, distributor, etc. National Academy Press,
Date of publication, distribution, etc. 1991.
300 ## - PHYSICAL DESCRIPTION
Extent xvi, 111 p.
500 ## - GENERAL NOTE
General note Committee chairman: Lewis M. Branscomb.
504 ## - BIBLIOGRAPHY, ETC. NOTE
Bibliography, etc. note Includes bibliographical references.
529 ## -
-- TSLHHL
533 ## - REPRODUCTION NOTE
Type of reproduction Electronic reproduction.
Place of reproduction Palo Alto, Calif. :
Agency responsible for reproduction ebrary,
Date of reproduction 2009.
Note about reproduction Available via World Wide Web.
-- Access may be limited to ebrary affiliated libraries.
650 #0 - SUBJECT ADDED ENTRY--TOPICAL TERM
Topical term or geographic name entry element Computer software
Geographic subdivision United States.
9 (RLIN) 280918
650 #0 - SUBJECT ADDED ENTRY--TOPICAL TERM
Topical term or geographic name entry element Intellectual property
Geographic subdivision United States.
9 (RLIN) 20521
650 #0 - SUBJECT ADDED ENTRY--TOPICAL TERM
Topical term or geographic name entry element Copyright
General subdivision Computer programs.
9 (RLIN) 26009
650 #0 - SUBJECT ADDED ENTRY--TOPICAL TERM
Topical term or geographic name entry element Computer software industry
Geographic subdivision United States.
9 (RLIN) 41979
655 #7 - INDEX TERM--GENRE/FORM
Genre/form data or focus term Electronic books.
Source of term local
9 (RLIN) 201578
700 1# - ADDED ENTRY--PERSONAL NAME
Personal name Branscomb, Lewis M.,
Dates associated with a name 1926-
9 (RLIN) 280919
710 2# - ADDED ENTRY--CORPORATE NAME
Corporate name or jurisdiction name as entry element ebrary, Inc.
9 (RLIN) 25628
856 40 - ELECTRONIC LOCATION AND ACCESS
Uniform Resource Identifier https://ezproxy.taylors.edu.my/login?url=http://site.ebrary.com/lib/taylorscollege/Doc?id=10055025
Public note An electronic book accessible through the World Wide Web; click to view
Holdings
Withdrawn status Lost status Damaged status Not for loan Home library Current library Date acquired Total Checkouts Date last seen Price effective from Koha item type
      e-book Taylor's Library-TU Taylor's Library-TU 02/03/2026   02/03/2026 02/03/2026 E-Book